000 01244cam a2200385 a 4500
001 2285
003 FISKH
005 20231115104834.0
008 020814s1999 enka b 000 1 eng
010 _a 2002442764
020 _a0330390171
020 _a9781447299561
040 _aDLC
_cDLC
_beng
042 _alcac
050 0 0 _aPZ7 .D15243
_bBi 1999
082 0 0 _a823.9
_222
100 1 _aDale, Jenny
245 1 0 _aBilly the brave puppy /
_cby Jenny Dale ; illustrated by Frank Rodgers
260 _aLondon :
_bMacmillan Children's Books,
_c1999.
300 _a59 pages :
_billustrations ;
_c20 cm
490 1 _aJenny Dale's puppy tales ;
_vBook 6
505 _aJ
520 _aBilly the brave puppy is really a big coward. But when someone picks on Billy's owner, the panicky pup suddenly turns into Billy the bold.
521 8 _a500
_bLexile
521 8 _aJ
_bRaz-Plus
650 1 _aDogs
_vFiction.
650 1 _aAnimals
_xInfancy
_vFiction.
650 1 _aPets
_vFiction.
650 1 _aCourage
_vFiction.
650 1 _aBullies and bullying
_vFiction.
651 1 _aEngland
_vFiction.
700 1 _aRodgers, Frank,
_d1944-
_eillustrator
906 _a7
_bcbc
_corignew
_d3
_encip
_f20
_gy-gencatlg
942 _2ddc
_cBK
_n0
999 _c2285
_d2285